全球主要海域 Major sea areas in the world - Statistics

General Stats
  • This quiz has been taken 149 times
  • The average score is 40 of 100
Answers on the Map
Answers color-coded by a green-red scale on the quiz's map according to % correct below.
 
Answer Stats
水体 % Correct
地中海
97%
南海
97%
日本海
97%
东海
96%
黑海
94%
红海
94%
黄海
93%
墨西哥湾
92%
大西洋
91%
太平洋
91%
印度洋
91%
里海
89%
加勒比海
88%
北冰洋
85%
阿拉伯海
83%
波罗的海
82%
北海
79%
孟加拉湾
78%
波斯湾
75%
爱琴海
74%
白令海
73%
北部湾
69%
马六甲海峡
66%
几内亚湾
65%
莫桑比克海峡
62%
亚丁湾
62%
巴拿马湾
59%
英吉利海峡
57%
加利福尼亚湾
55%
亚速海
55%
菲律宾海
53%
亚得里亚海
53%
泰国湾
52%
鄂霍次克海
51%
阿拉斯加湾
49%
哈德逊海峡
49%
哈德逊湾
49%
挪威海
46%
珊瑚海
46%
马尔马拉海
45%
安达曼海
44%
格陵兰海
43%
爪哇海
43%
巴伦支海
39%
东京湾
39%
芬兰湾
39%
白海
38%
苏伊士湾
38%
比斯开湾
37%
巴芬湾
36%
拉布拉多海
35%
爱尔兰海
32%
阿曼湾
29%
楚科奇海
29%
西里伯斯海
29%
苏禄海
27%
第勒尼安海
25%
塔斯曼海
25%
帝汶海
24%
旧金山湾
24%
所罗门海
22%
爱奥尼亚海
20%
东西伯利亚海
20%
圣劳伦斯湾
19%
巴斯海峡
17%
望加锡海峡
17%
大澳大利亚湾
16%
拉普拉塔湾
16%
利古里亚海
16%
波的尼亚湾
15%
里加湾
15%
俾斯麦海
14%
喀拉海
14%
班达海
12%
波弗特海
12%
拉普捷夫海
12%
阿拉弗拉海
11%
凯尔特海
11%
摩鲁卡海
11%
巴利阿里海
10%
卡奔塔利亚湾
10%
库克海峡
10%
拉克代夫海
10%
西北航道
10%
亚喀巴湾
10%
戴维斯海峡
9%
缅因湾
9%
阿尔沃兰海
8%
波尼湾
7%
卡特加特海峡
6%
萨武海
6%
芬迪湾
5%
弗洛勒斯海
5%
斯卡格拉克海峡
5%
哈马黑拉海
4%
阿纳德尔湾
3%
伯朝拉海
3%
萨利希海
3%
塞兰海
3%
托米尼湾
3%
No matching quizzes found
Score Distribution
Percent of People with Each Score
Percentile by Number Answered
Your Score History
You have not taken this quiz